[Event "Junior Online 4NCL Division 4"]
[Site "online"]
[Date "2021.03.18"]
[EventDate "2021.03.18"]
[Round "5.83"]
[White "O'Sullivan, Conor"]
[WhiteElo "1115"]
[WhiteTeam "The Hall 2"]
[Black "Yerabati, Samiksha"]
[BlackElo "1201"]
[BlackTeam "Leeds Juniors 2"]
[Result "0-1"]
[PlyCount "61"]

1. e4 e5 2. Nf3 Nc6 3. Bb5 d6 4. Nc3 a6 5. Bc4 h6 6. d3 Nf6 7. Be3 Bg4 8. h3 Bd7 9. Qd2 b5 10. Bd5 Rb8 11. O-O Be7 12. Rab1 b4 13. Na4 Nd4 14. Bxd4 exd4 15. Nxd4 Bxa4 16. b3 Bd7 17. Bc6 O-O 18. Bxd7 Nxd7 19. Nf5 Bg5 20. f4 Bf6 21. Rf3 Bc3 22. Qf2 c5 23. Qg3 Qf6 24. e5 Qxf5 25. h4 Qe6 26. f5 Qxe5 27. Qg4 Nf6 28. Qh3 Bd4+ 29. Kf1 Nd5 30. f6 Nxf6 31. Qg3 0-1

[Event "Junior Online 4NCL Division 4"]
[Site "online"]
[Date "2021.03.18"]
[EventDate "2021.03.18"]
[Round "5.84"]
[White "Yerabati, Suhrith"]
[WhiteElo "1275"]
[WhiteTeam "Leeds Juniors 2"]
[Black "Sethia, Aditey"]
[BlackElo "1100"]
[BlackTeam "The Hall 2"]
[Result "0-1"]
[PlyCount "84"]

1. d4 e6 2. Bf4 Nc6 3. e3 Nf6 4. Nf3 a6 5. Bd3 g6 6. Ne5 Bg7 7. h4 h5 8. Nc3 O-O 9. g4 Nxe5 10. dxe5 Nxg4 11. f3 Nxe5 12. Qe2 Nxd3+ 13. cxd3 e5 14. Bg3 f5 15. O-O-O f4 16. Bf2 b5 17. exf4 exf4 18. Qe4 Rb8 19. Qxg6 b4 20. Na4 Qf6 21. Qxh5 d6 22. Qg5 Qf7 23. Bd4 c5 24. Bxg7 Qxg7 25. Qd5+ Kh8 26. Qxd6 Bf5 27. h5 Rbd8 28. Qxa6 Qg3 29. Qc4 Qxf3 30. Kc2 Qe2+ 31. Rd2 Qe7 32. Nxc5 Rc8 33. Qd4+ Kg8 34. Rg2+ Kf7 35. Qd5+ Be6 36. Qd4 Qxc5+ 37. Qxc5 Rxc5+ 38. Kb1 Bd5 39. Rgg1 Bxh1 40. Rxh1 Rh8 41. a3 bxa3 42. bxa3 Rcxh5 0-1

[Event "Junior Online 4NCL Division 4"]
[Site "online"]
[Date "2021.03.18"]
[EventDate "2021.03.18"]
[Round "5.85"]
[White "Gururaj, Rithwik"]
[WhiteElo "1277"]
[WhiteTeam "Leeds Juniors 2"]
[Black "Jhamna, Alexander"]
[BlackElo "1285"]
[BlackTeam "The Hall 2"]
[Result "1-0"]
[PlyCount "47"]

1. d4 d5 2. c4 c6 3. Nc3 Bf5 4. Nf3 e6 5. Bg5 Nf6 6. e3 h6 7. Bh4 Bg4 8. cxd5 g5 9. Bg3 cxd5 10. Qa4+ Nc6 11. Ne5 Rc8 12. Bb5 a6 13. Bxc6+ bxc6 14. Nxc6 Qb6 15. Ne5+ Kd8 16. Nxf7+ Ke7 17. Nxh8 Qxb2 18. O-O Qxc3 19. Ng6+ Kf7 20. Ne5+ Kg7 21. Nxg4 Nxg4 22. Qd7+ Kg8 23. Qxe6+ Kh7 24. Qxg4 1-0

[Event "Junior Online 4NCL Division 4"]
[Site "online"]
[Date "2021.03.18"]
[EventDate "2021.03.18"]
[Round "5.87"]
[White "Yerabati, Samiksha"]
[WhiteElo "1201"]
[WhiteTeam "Leeds Juniors 2"]
[Black "O'Sullivan, Conor"]
[BlackElo "1115"]
[BlackTeam "The Hall 2"]
[Result "1-0"]
[PlyCount "67"]

1. e4 e5 2. Nf3 Nc6 3. Bb5 Nf6 4. Nc3 Bb4 5. d3 d6 6. a3 Ba5 7. Bg5 h6 8. Bh4 a6 9. Ba4 b5 10. Bb3 Bg4 11. Bd5 Nd4 12. Bxa8 Qxa8 13. Bxf6 gxf6 14. h3 Bh5 15. g4 Bg6 16. Nxd4 exd4 17. b4 Bxb4 18. axb4 dxc3 19. Ra3 Qc6 20. O-O h5 21. Qe1 hxg4 22. Rxc3 Qb7 23. hxg4 Qc8 24. Qe2 Qe6 25. Rxc7 Kd8 26. Rc6 Qe5 27. f4 Qd4+ 28. Qf2 Qxb4 29. Rxa6 Bxe4 30. dxe4 Qxe4 31. Qb6+ Ke7 32. Qc7+ Ke6 33. f5+ Ke5 34. Qxd6# 1-0

[Event "Junior Online 4NCL Division 4"]
[Site "online"]
[Date "2021.03.18"]
[EventDate "2021.03.18"]
[Round "5.88"]
[White "Sethia, Aditey"]
[WhiteElo "1100"]
[WhiteTeam "The Hall 2"]
[Black "Yerabati, Suhrith"]
[BlackElo "1275"]
[BlackTeam "Leeds Juniors 2"]
[Result "0-1"]
[PlyCount "64"]

1. d4 d5 2. c4 c6 3. Nf3 Nf6 4. Nc3 a6 5. Bg5 Bf5 6. Qb3 b5 7. cxb5 axb5 8. e3 h6 9. Bf4 e6 10. Be2 Bd6 11. Bxd6 Qxd6 12. O-O O-O 13. Ne5 Nbd7 14. f4 Ne4 15. Nxe4 Bxe4 16. a4 bxa4 17. Rxa4 f6 18. Rxa8 Rxa8 19. Nf3 Rb8 20. Qa4 Rxb2 21. Qa8+ Kh7 22. Bd1 c5 23. dxc5 Qxc5 24. Qe8 Qxe3+ 25. Kh1 Nc5 26. Re1 Qf2 27. Rg1 Nd3 28. h3 Nxf4 29. Qf7 Nxg2 30. Ba4 Bxf3 31. Be8 Nf4+ 32. Rg2 Qxg2# 0-1

[Event "Junior Online 4NCL Division 4"]
[Site "online"]
[Date "2021.03.18"]
[EventDate "2021.03.18"]
[Round "5.91"]
[White "Seet, Joshua"]
[WhiteElo "1383"]
[WhiteTeam "Woking Warriors"]
[Black "Man, Felix"]
[BlackElo "1063"]
[BlackTeam "Muswell Hill Primary"]
[Result "1-0"]
[PlyCount "141"]

1. e4 e5 2. Nf3 Nc6 3. Bb5 Bc5 4. O-O Nf6 5. d3 h6 6. Bxc6 dxc6 7. Nxe5 Qe7 8. Nf3 O-O 9. Nc3 Bg4 10. h3 Bh5 11. Bf4 Bd6 12. Bxd6 cxd6 13. Re1 Nd7 14. Re3 Ne5 15. g4 Bg6 16. Nxe5 dxe5 17. a3 Qg5 18. Rg3 Qe7 19. Qf3 Qg5 20. Qe2 Qf6 21. Na4 Qe7 22. b4 b6 23. c4 c5 24. bxc5 bxc5 25. Qe3 Rac8 26. Nc3 a6 27. Nd5 Qd6 28. Rb1 Rb8 29. Rxb8 Rxb8 30. Qd2 Rb1+ 31. Kg2 f6 32. Qa5 Rb8 33. h4 Bf7 34. g5 Bxd5 35. cxd5 fxg5 36. hxg5 hxg5 37. Rxg5 Qb6 38. Qxb6 Rxb6 39. Rxe5 Rb3 40. d6 Rxd3 41. Rd5 Rxd5 42. exd5 Kf7 43. Kf3 c4 44. Ke3 c3 45. Kd3 Ke8 46. Kxc3 Kd7 47. Kd4 Kxd6 48. a4 g6 49. f4 a5 50. Kc4 Kd7 51. Kc5 Kc7 52. Kb5 Kd6 53. Kxa5 Kxd5 54. Kb6 Kd6 55. a5 g5 56. fxg5 Kd7 57. a6 Kc8 58. a7 Kd7 59. a8=Q Kd6 60. g6 Ke6 61. g7 Kf7 62. g8=Q+ Kf6 63. Qad8+ Ke5 64. Qge8+ Kf5 65. Qd5+ Kf4 66. Qee4+ Kg3 67. Qdd3+ Kh2 68. Qee2+ Kh1 69. Qh3+ Kg1 70. Qg3+ Kh1 71. Qgg2# 1-0

[Event "Junior Online 4NCL Division 4"]
[Site "online"]
[Date "2021.03.18"]
[EventDate "2021.03.18"]
[Round "5.92"]
[White "Shetty, Ahan"]
[WhiteElo "1010"]
[WhiteTeam "Muswell Hill Primary"]
[Black "Phillips, Freddie"]
[BlackElo "1315"]
[BlackTeam "Woking Warriors"]
[Result "1-0"]
[PlyCount "165"]

1. d4 d5 2. c4 c6 3. Nc3 Nf6 4. Nf3 Bf5 5. e3 Na6 6. Qb3 e6 7. Qxb7 Nb4 8. Kd2 Be7 9. a3 Nc2 10. Qxc6+ Nd7 11. Ra2 O-O 12. Bd3 Bxd3 13. Kxd3 Nxd4 14. Nxd4 dxc4+ 15. Qxc4 e5 16. Ke2 exd4 17. exd4 Rc8 18. Qd3 Re8 19. Kd1 Nc5 20. Qc2 Qxd4+ 21. Qd2 Rcd8 22. Qxd4 Rxd4+ 23. Kc2 Bf6 24. Be3 Rc4 25. Bxc5 Rxc5 26. Rd1 Re2+ 27. Rd2 Rxd2+ 28. Kxd2 Bxc3+ 29. bxc3 Rd5+ 30. Kc2 Rf5 31. Kd3 g6 32. Rc2 a6 33. c4 Rc5 34. Kd4 Rc7 35. c5 Kf8 36. Kd5 Ke7 37. a4 Rd7+ 38. Ke5 f6+ 39. Ke4 h6 40. f4 Rc7 41. f5 g5 42. g4 Kd7 43. Kd5 Rc8 44. a5 Rd8 45. Ke4 Re8+ 46. Kd5 Re5+ 47. Kd4 Kc6 48. h3 Rd5+ 49. Ke4 Rxc5 50. Ra2 Rc4+ 51. Kd3 Kb5 52. Ke3 Ra4 53. Rxa4 Kxa4 54. Kd4 Kxa5 55. Kd5 Kb4 56. Ke6 a5 57. Kxf6 a4 58. Ke7 a3 59. f6 a2 60. f7 a1=Q 61. f8=Q Qa7+ 62. Kf6+ Kc3 63. Qxh6 Qd4+ 64. Kxg5 Qe3+ 65. Kh5 Qxh3+ 66. Kg5 Qe3+ 67. Kg6 Qe6+ 68. Kh5 Qe5+ 69. Qg5 Qe8+ 70. Qg6 Qe5+ 71. Kh6 Qe3+ 72. Kh7 Qh3+ 73. Kg7 Qh2 74. Qc6+ Kb2 75. Qf6+ Kc1 76. Qa1+ Kc2 77. Qa2+ Kd1 78. Qxh2 Ke1 79. Kf6 Kf1 80. Ke5 Ke1 81. Ke4 Kd1 82. Kd3 Kc1 83. Qc2# 1-0

[Event "Junior Online 4NCL Division 4"]
[Site "online"]
[Date "2021.03.18"]
[EventDate "2021.03.18"]
[Round "5.93"]
[White "Seet, Leanne"]
[WhiteElo "1220"]
[WhiteTeam "Woking Warriors"]
[Black "Michener, Max"]
[BlackElo "1000"]
[BlackTeam "Muswell Hill Primary"]
[Result "0-1"]
[PlyCount "88"]

1. d4 e5 2. dxe5 Nc6 3. Nf3 Qe7 4. Bf4 Qb4+ 5. Nc3 Qxb2 6. Be3 Qxc3+ 7. Bd2 Qa3 8. e4 Nb4 9. Bxb4 Bxb4+ 10. Nd2 Bc3 11. Rb1 Qa4 12. Bb5 Qxe4+ 13. Kf1 Qd5 14. Nf3 Qxd1+ 15. Rxd1 c6 16. Bc4 b5 17. Bd3 Bb7 18. Ke2 Ba5 19. c4 bxc4 20. Bxc4 Ne7 21. Rd3 d5 22. Bb3 Ba6 23. Rd1 Ng6 24. g3 O-O 25. Kf1 Rfe8 26. Kg1 Bxd3 27. Rxd3 Nxe5 28. Nxe5 Rxe5 29. Rf3 Re1+ 30. Kg2 Rae8 31. a4 Rb8 32. g4 Bb6 33. Bd1 Rxd1 34. Re3 Bxe3 35. fxe3 Rb2+ 36. Kf3 Rf1+ 37. Kg3 g5 38. h4 h6 39. hxg5 hxg5 40. a5 Kg7 41. Kh3 Kf6 42. e4 Ke5 43. a6 Kf4 44. exd5 Rh1# 0-1

[Event "Junior Online 4NCL Division 4"]
[Site "online"]
[Date "2021.03.18"]
[EventDate "2021.03.18"]
[Round "5.94"]
[White "Bagshaw, Freddie"]
[WhiteElo "1035"]
[WhiteTeam "Muswell Hill Primary"]
[Black "Wicks, Alexander"]
[BlackElo "1105"]
[BlackTeam "Woking Warriors"]
[Result "1-0"]
[PlyCount "53"]

1. e4 d5 2. Nc3 d4 3. Nd5 e6 4. Nf4 Bd6 5. Nh5 Qg5 6. Nh3 Qg6 7. d3 Nf6 8. N5f4 Bxf4 9. Nxf4 Qg5 10. Nxe6 Qa5+ 11. Bd2 Qb6 12. Nxg7+ Kf8 13. Bh6 Qb4+ 14. Qd2 Qxb2 15. Nh5+ Ke7 16. Qd1 Nxh5 17. Bc1 Qc3+ 18. Bd2 Qc5 19. Be2 Nf6 20. O-O Rg8 21. Qe1 Bh3 22. Bf3 Nc6 23. Rb1 Ne5 24. Qd1 Nxf3+ 25. Qxf3 Bg4 26. Qf4 Bc8 27. Bb4 1-0

[Event "Junior Online 4NCL Division 4"]
[Site "online"]
[Date "2021.03.18"]
[EventDate "2021.03.18"]
[Round "5.95"]
[White "Man, Felix"]
[WhiteElo "1063"]
[WhiteTeam "Muswell Hill Primary"]
[Black "Seet, Joshua"]
[BlackElo "1383"]
[BlackTeam "Woking Warriors"]
[Result "0-1"]
[PlyCount "132"]

1. e4 e5 2. Nf3 Nc6 3. Bc4 Bc5 4. Nc3 d6 5. h3 Bd7 6. d3 Qe7 7. O-O O-O-O 8. Nd5 Qf8 9. Nc3 Nf6 10. Be3 Nd4 11. Bxd4 exd4 12. Ne2 Nh5 13. Nexd4 Bxd4 14. Nxd4 Nf4 15. Qf3 g5 16. Ne2 Nxe2+ 17. Qxe2 f6 18. Qf3 h5 19. Rfd1 g4 20. hxg4 Bxg4 21. Qe3 Bxd1 22. Qxa7 Bg4 23. f3 Kd7 24. fxg4 hxg4 25. Qxb7 g3 26. Bb5+ Ke6 27. Bc4+ Ke7 28. Kf1 Rh1+ 29. Ke2 Rxa1 30. Qd5 Ke8 31. Qc6+ Rd7 32. Be6 Qe7 33. Qa8+ Rd8 34. Qc6+ Kf8 35. Qc4 Rh1 36. Bf5 Rh2 37. Qd4 Rxg2+ 38. Kf3 Rf2+ 39. Kxg3 Rxf5 40. exf5 Qe5+ 41. Qxe5 fxe5 42. Kf3 Ra8 43. a3 Rb8 44. b3 c5 45. Ke4 Ke7 46. Kd5 Rb6 47. Kc4 Kf6 48. a4 Kxf5 49. a5 Rb8 50. a6 Rb6 51. a7 Ra6 52. Kd5 Rxa7 53. Kxd6 c4 54. dxc4 e4 55. c5 e3 56. c6 e2 57. c7 Ra8 58. c8=Q+ Rxc8 59. Kd5 e1=Q 60. Kd4 Qc3+ 61. Kd5 Qxc2 62. Kd6 Qc5+ 63. Kd7 Qc6+ 64. Ke7 Re8+ 65. Kf7 Qe6+ 66. Kg7 Qg6# 0-1

[Event "Junior Online 4NCL Division 4"]
[Site "online"]
[Date "2021.03.18"]
[EventDate "2021.03.18"]
[Round "5.96"]
[White "Phillips, Freddie"]
[WhiteElo "1315"]
[WhiteTeam "Woking Warriors"]
[Black "Shetty, Ahan"]
[BlackElo "1010"]
[BlackTeam "Muswell Hill Primary"]
[Result "0-1"]
[PlyCount "36"]

1. e4 c5 2. Bc4 Nc6 3. Qf3 e6 4. Nh3 Nd4 5. Qc3 Nf6 6. O-O Nxe4 7. Qd3 Nf6 8. b4 Nc6 9. bxc5 Bxc5 10. Ba3 Bxa3 11. Nxa3 d5 12. Bb5 Bd7 13. Bxc6 Bxc6 14. Ng5 Ng4 15. Qf3 Qxg5 16. h3 Nf6 17. Rab1 d4 18. Qd3 Qxg2# 0-1

[Event "Junior Online 4NCL Division 4"]
[Site "online"]
[Date "2021.03.18"]
[EventDate "2021.03.18"]
[Round "5.97"]
[White "Michener, Max"]
[WhiteElo "1000"]
[WhiteTeam "Muswell Hill Primary"]
[Black "Seet, Leanne"]
[BlackElo "1220"]
[BlackTeam "Woking Warriors"]
[Result "1-0"]
[PlyCount "33"]

1. e4 c6 2. d4 d5 3. exd5 cxd5 4. c4 Nf6 5. Nc3 e6 6. Nf3 Bb4 7. Bd2 dxc4 8. Bxc4 O-O 9. Ne4 Bxd2+ 10. Nexd2 Nc6 11. Nb3 a6 12. a4 h6 13. h4 Bd7 14. Ng5 hxg5 15. hxg5 Ne4 16. Qh5 Nxg5 17. Qh8# 1-0

[Event "Junior Online 4NCL Division 4"]
[Site "online"]
[Date "2021.03.18"]
[EventDate "2021.03.18"]
[Round "5.98"]
[White "Wicks, Alexander"]
[WhiteElo "1105"]
[WhiteTeam "Woking Warriors"]
[Black "Bagshaw, Freddie"]
[BlackElo "1035"]
[BlackTeam "Muswell Hill Primary"]
[Result "0-1"]
[PlyCount "70"]

1. e4 e5 2. Nf3 Nc6 3. Bb5 a6 4. Bxc6 dxc6 5. O-O Bc5 6. Nxe5 Nf6 7. Nc3 O-O 8. d3 Bd4 9. Bd2 Bxe5 10. Qe1 Ng4 11. f4 Bd4+ 12. Kh1 Qf6 13. Qg3 Qh6 14. f5 Qxd2 15. Qxg4 f6 16. Rac1 Be5 17. Rfd1 Qh6 18. g3 b5 19. Rb1 b4 20. Ne2 a5 21. d4 Bd6 22. Re1 c5 23. d5 Qd2 24. Rbc1 Qh6 25. c4 bxc3 26. Nxc3 Ba6 27. Na4 c4 28. Nc3 Bb4 29. a3 Bc5 30. Na4 Bd4 31. Red1 Be3 32. Rc3 Bd2 33. Rc2 Be3 34. Re2 c3 35. Rxe3 Qxe3 0-1

[Event "Junior Online 4NCL Division 4"]
[Site "online"]
[Date "2021.03.18"]
[EventDate "2021.03.18"]
[Round "5.101"]
[White "Minhas, Salar"]
[WhiteElo "924"]
[WhiteTeam "Coldfall Knights"]
[Black "Cancedda-Dupuis, Livio"]
[BlackElo "1289"]
[BlackTeam "JHJ Shark Tank 5"]
[Result "0-1"]
[PlyCount "48"]

1. e4 c6 2. d4 d5 3. Nc3 dxe4 4. Nxe4 Bf5 5. f3 Nf6 6. Nxf6+ exf6 7. g4 Be6 8. Be3 Nd7 9. Nh3 Nb6 10. c3 Nd5 11. Qd3 Bd6 12. c4 Nxe3 13. Qxe3 O-O 14. Nf4 Bxg4 15. fxg4 Re8 16. Qxe8+ Qxe8+ 17. Kd2 Bxf4+ 18. Kc2 Qe4+ 19. Kc3 Qxh1 20. d5 cxd5 21. cxd5 Rc8+ 22. Kd4 Qg1+ 23. Ke4 Qe3+ 24. Kf5 Qe5# 0-1

[Event "Junior Online 4NCL Division 4"]
[Site "online"]
[Date "2021.03.18"]
[EventDate "2021.03.18"]
[Round "5.102"]
[White "Zhao, George"]
[WhiteElo "1363"]
[WhiteTeam "JHJ Shark Tank 5"]
[Black "Corrall, Ruby"]
[BlackElo "934"]
[BlackTeam "Coldfall Knights"]
[Result "1-0"]
[PlyCount "75"]

1. b3 d5 2. Bb2 Bf5 3. d3 Nc6 4. Nf3 Nf6 5. Nbd2 e6 6. c4 Bd6 7. e3 O-O 8. a3 h6 9. Be2 Qe7 10. d4 e5 11. c5 exd4 12. cxd6 Qxd6 13. Nxd4 Nxd4 14. Bxd4 Qe6 15. O-O Bg4 16. Bxg4 Nxg4 17. Rc1 c6 18. Bc5 Rfe8 19. Bd4 Rad8 20. Bxa7 Qe5 21. Qxg4 Rd6 22. Bd4 Qg5 23. Qxg5 hxg5 24. Nf3 Rg6 25. Ne5 Rh6 26. f4 gxf4 27. Rxf4 f6 28. Nd7 g5 29. Nxf6+ Kf7 30. Nxe8+ Kxe8 31. Bg7 Rg6 32. Bf6 g4 33. Rcf1 g3 34. Be5 gxh2+ 35. Kxh2 Rh6+ 36. Kg1 Re6 37. Rf8+ Ke7 38. R1f7# 1-0

[Event "Junior Online 4NCL Division 4"]
[Site "online"]
[Date "2021.03.18"]
[EventDate "2021.03.18"]
[Round "5.103"]
[White "Haga, Matteo"]
[WhiteElo "850"]
[WhiteTeam "Coldfall Knights"]
[Black "Chen, George"]
[BlackElo "1325"]
[BlackTeam "JHJ Shark Tank 5"]
[Result "0-1"]
[PlyCount "38"]

1. f4 Nf6 2. Nf3 g6 3. g3 Bg7 4. Bg2 O-O 5. O-O c5 6. Nc3 d5 7. d3 Nc6 8. a4 a5 9. b3 Be6 10. Bb2 Qb6 11. Nb5 Ng4 12. Qd2 Bxb2 13. Rab1 Bg7 14. Bh3 c4+ 15. Kg2 Ne3+ 16. Kg1 Nxf1+ 17. Kxf1 Bxh3+ 18. Ke1 Bg4 19. Ng5 Qg1# 0-1

[Event "Junior Online 4NCL Division 4"]
[Site "online"]
[Date "2021.03.18"]
[EventDate "2021.03.18"]
[Round "5.104"]
[White "Stehlin, Nathan"]
[WhiteElo "1337"]
[WhiteTeam "JHJ Shark Tank 5"]
[Black "Richards, Hal"]
[BlackElo "790"]
[BlackTeam "Coldfall Knights"]
[Result "1-0"]
[PlyCount "71"]

1. c4 e5 2. e3 Nc6 3. d4 exd4 4. exd4 Nb8 5. Nc3 c6 6. Nf3 Nf6 7. Bg5 h6 8. Bh4 Be7 9. Be2 Ng4 10. Bxe7 Qxe7 11. O-O O-O 12. Re1 Nf6 13. Bd3 Qd8 14. Bc2 Re8 15. Qd3 Kf8 16. Ne4 Nxe4 17. Rxe4 Rxe4 18. Qxe4 Qe8 19. Qh7 d5 20. Qh8+ Ke7 21. Re1+ Be6 22. Qxg7 Kd7 23. Ne5+ Kd6 24. c5+ Kc7 25. Nxf7 Qxf7 26. Qe5+ Kd7 27. Qd6+ Kc8 28. Qxe6+ Qd7 29. Bf5 a5 30. Qe8+ Kc7 31. Bxd7 Nxd7 32. Qxa8 Nf6 33. Qxa5+ Kd7 34. Qb6 Kc8 35. Re7 h5 36. Qc7# 1-0

[Event "Junior Online 4NCL Division 4"]
[Site "online"]
[Date "2021.03.18"]
[EventDate "2021.03.18"]
[Round "5.105"]
[White "Cancedda-Dupuis, Livio"]
[WhiteElo "1289"]
[WhiteTeam "JHJ Shark Tank 5"]
[Black "Minhas, Salar"]
[BlackElo "924"]
[BlackTeam "Coldfall Knights"]
[Result "1-0"]
[PlyCount "107"]

1. d4 c6 2. c4 d5 3. Nc3 dxc4 4. e4 b5 5. a4 Bd7 6. axb5 cxb5 7. Qh5 Nf6 8. Qe5 e6 9. Nxb5 Bxb5 10. Qxb5+ Qd7 11. Qxd7+ Nbxd7 12. e5 Ne4 13. Bxc4 Bb4+ 14. Kf1 O-O 15. f3 Nd2+ 16. Bxd2 Bxd2 17. Ne2 a5 18. Ng3 Bf4 19. Ne4 Nb6 20. Nd6 Nxc4 21. Nxc4 Rfc8 22. Nb6 Rc1+ 23. Rxc1 Bxc1 24. Nxa8 h6 25. Ke2 Bxb2 26. Nc7 a4 27. Nb5 Kf8 28. Rb1 a3 29. Nxa3 Bxa3 30. Kd3 f6 31. f4 fxe5 32. fxe5 Ke7 33. Rb7+ Kd8 34. Rxg7 Bf8 35. Rg8 Ke7 36. Rxf8 Kxf8 37. Kc4 Kg7 38. Kc5 h5 39. Kd6 Kf7 40. h4 Kg6 41. Kxe6 Kg7 42. Kd7 Kf7 43. e6+ Kf8 44. e7+ Kf7 45. e8=Q+ Kf6 46. Qxh5 Kg7 47. g4 Kf6 48. g5+ Kg7 49. Qh6+ Kf7 50. Qf6+ Kg8 51. Ke8 Kh7 52. g6+ Kh6 53. Kf7 Kh5 54. Qg5# 1-0

[Event "Junior Online 4NCL Division 4"]
[Site "online"]
[Date "2021.03.18"]
[EventDate "2021.03.18"]
[Round "5.106"]
[White "Corrall, Ruby"]
[WhiteElo "934"]
[WhiteTeam "Coldfall Knights"]
[Black "Zhao, George"]
[BlackElo "1363"]
[BlackTeam "JHJ Shark Tank 5"]
[Result "0-1"]
[PlyCount "68"]

1. d4 e6 2. e4 d5 3. e5 c5 4. c3 Nc6 5. Be3 Qb6 6. b3 cxd4 7. Bxd4 Nxd4 8. cxd4 Bb4+ 9. Nd2 Qxd4 10. Nf3 Bxd2+ 11. Nxd2 Qxe5+ 12. Be2 Bd7 13. O-O Nf6 14. Nf3 Qd6 15. Ng5 O-O 16. Bh5 Nxh5 17. Qxh5 h6 18. Nf3 Rac8 19. Rac1 Qf4 20. Rxc8 Rxc8 21. g3 Qf6 22. Ne5 Bb5 23. Re1 Rc2 24. Ng4 Qf3 25. Qh3 f5 26. Rf1 fxg4 27. Qh5 Bxf1 28. Qe8+ Kh7 29. Qg6+ Kxg6 30. h3 Qxf2+ 31. Kh1 Bg2+ 32. Kh2 Rc3 33. h4 Qxg3+ 34. Kg1 Rc1# 0-1

[Event "Junior Online 4NCL Division 4"]
[Site "online"]
[Date "2021.03.18"]
[EventDate "2021.03.18"]
[Round "5.107"]
[White "Chen, George"]
[WhiteElo "1325"]
[WhiteTeam "JHJ Shark Tank 5"]
[Black "Haga, Matteo"]
[BlackElo "850"]
[BlackTeam "Coldfall Knights"]
[Result "1-0"]
[PlyCount "99"]

1. e4 d6 2. d4 Nc6 3. Nf3 Nf6 4. Nc3 g6 5. Bc4 Bg7 6. Bg5 O-O 7. O-O Bg4 8. d5 Ne5 9. Be2 Nxf3+ 10. Bxf3 Bxf3 11. Qxf3 a5 12. Rad1 b6 13. Ne2 c5 14. dxc6 Rc8 15. e5 Ne8 16. exd6 Nxd6 17. Rfe1 Qc7 18. Nc3 Rfe8 19. Nd5 Qxc6 20. Nxe7+ Rxe7 21. Bxe7 Qxf3 22. gxf3 Nf5 23. Rd8+ Rxd8 24. Bxd8 Bxb2 25. Bxb6 Nh4 26. Re3 a4 27. Rd3 a3 28. Be3 Nxf3+ 29. Kh1 Ne5 30. Rd8+ Kg7 31. Bd4 Bxd4 32. Rxd4 Nf3 33. Rd3 Ne1 34. Rc3 f5 35. Kg1 Kf6 36. Kf1 Ke5 37. Kxe1 h5 38. Rxa3 g5 39. Rh3 g4 40. Rxh5 Ke4 41. a4 Kd4 42. Rxf5 Kc4 43. a5 Kd4 44. a6 Kc3 45. a7 Kxc2 46. a8=Q Kc3 47. Qd8 Kc2 48. Rc5+ Kb2 49. Qb6+ Ka3 50. Ra5# 1-0

[Event "Junior Online 4NCL Division 4"]
[Site "online"]
[Date "2021.03.18"]
[EventDate "2021.03.18"]
[Round "5.108"]
[White "Richards, Hal"]
[WhiteElo "790"]
[WhiteTeam "Coldfall Knights"]
[Black "Stehlin, Nathan"]
[BlackElo "1337"]
[BlackTeam "JHJ Shark Tank 5"]
[Result "0-1"]
[PlyCount "116"]

1. e4 c5 2. Nc3 e6 3. Bc4 Nf6 4. d3 d5 5. exd5 exd5 6. Bxd5 Nxd5 7. Nxd5 Qxd5 8. Be3 Qxg2 9. Qf3 Qxf3 10. Nxf3 Be6 11. O-O-O Bd5 12. Rhg1 Bxf3 13. Rde1 Kd7 14. d4 cxd4 15. Bxd4 Rg8 16. Rg3 Bc6 17. a3 g6 18. Rh3 h5 19. Rhe3 Na6 20. Rd1 Kc7 21. Be5+ Kc8 22. Bf6 Bh6 23. c4 Bxe3+ 24. fxe3 Nc7 25. Be5 Ne6 26. b4 b6 27. b5 Be4 28. Rd4 Nxd4 29. exd4 Kd7 30. c5 bxc5 31. dxc5 Rac8 32. c6+ Ke6 33. Bc3 Bxc6 34. bxc6 Rxc6 35. Kc2 Rgc8 36. a4 Rxc3+ 37. Kd2 Rc2+ 38. Kd3 Rxh2 39. a5 Ra2 40. a6 Rxa6 41. Kd4 Rd6+ 42. Ke4 Rc5 43. Kf4 f6 44. Ke4 Re5+ 45. Kf4 Rd4+ 46. Kf3 g5 47. Kf2 Rf4+ 48. Kg3 Re3+ 49. Kg2 h4 50. Kh2 Rg3 51. Kh1 f5 52. Kh2 a5 53. Kh1 a4 54. Kh2 a3 55. Kh1 a2 56. Kh2 Rff3 57. Kh1 a1=Q+ 58. Kh2 Qg1# 0-1

[Event "Junior Online 4NCL Division 4"]
[Site "online"]
[Date "2021.03.18"]
[EventDate "2021.03.18"]
[Round "5.111"]
[White "Jowell, Leo"]
[WhiteElo "1239"]
[WhiteTeam "Edgware Gambits E"]
[Black "Rao, Shree"]
[BlackElo "1392"]
[BlackTeam "Maidenhead Juniors 2"]
[Result "1-0"]
[PlyCount "65"]

1. d4 Nf6 2. c4 e6 3. Nc3 Bb4 4. Qc2 O-O 5. Nf3 b6 6. a3 Bxc3+ 7. Qxc3 Bb7 8. Bg5 d6 9. Rd1 h6 10. Bh4 Nbd7 11. d5 exd5 12. cxd5 g5 13. Bg3 Bxd5 14. Rd4 c5 15. Rd3 Ne4 16. Qc2 Nxg3 17. hxg3 Be4 18. Rxh6 Bxd3 19. Qxd3 Nf6 20. Nxg5 Re8 21. Nh7 Nxh7 22. Qxh7+ Kf8 23. Qh8+ Ke7 24. Qf6+ Kd7 25. Qxf7+ Qe7 26. Qf5+ Kc6 27. e3 Qf8 28. Qh5 Re5 29. Qxe5 Re8 30. Qh5 Kb7 31. Qd5+ Kc7 32. Rh7+ Kb8 33. Qb7# 1-0

[Event "Junior Online 4NCL Division 4"]
[Site "online"]
[Date "2021.03.18"]
[EventDate "2021.03.18"]
[Round "5.112"]
[White "Nallaperumal, Kasi Veshagan"]
[WhiteElo "1390"]
[WhiteTeam "Maidenhead Juniors 2"]
[Black "Sharma, Krish"]
[BlackElo "1167"]
[BlackTeam "Edgware Gambits E"]
[Result "1-0"]
[PlyCount "67"]

1. e4 c6 2. Nf3 d5 3. exd5 cxd5 4. Nc3 Bf5 5. d4 Nf6 6. Bd3 Bxd3 7. Qxd3 e6 8. Bf4 Bd6 9. Bg5 h6 10. Bh4 Nbd7 11. Nb5 Qa5+ 12. Nc3 O-O 13. O-O Qb6 14. b3 a6 15. Qe3 Rac8 16. Na4 Qa5 17. Ne5 Rxc2 18. Qd3 Rd2 19. Qe3 Rc2 20. Rfc1 Rcc8 21. h3 Qd8 22. Bxf6 Nxf6 23. Rxc8 Qxc8 24. Nb6 Qc7 25. Na4 b5 26. Nb2 Ne4 27. a4 b4 28. Nbd3 a5 29. Rc1 Qe7 30. Nc6 Qf6 31. Nxa5 Qg6 32. Nc6 f5 33. Nde5 Bxe5 34. Ne7+ 1-0

[Event "Junior Online 4NCL Division 4"]
[Site "online"]
[Date "2021.03.18"]
[EventDate "2021.03.18"]
[Round "5.113"]
[White "Rahamim, Liad"]
[WhiteElo "1179"]
[WhiteTeam "Edgware Gambits E"]
[Black "Nayak, Siddharth"]
[BlackElo "1338"]
[BlackTeam "Maidenhead Juniors 2"]
[Result "0-1"]
[PlyCount "48"]

1. g3 d6 2. d3 g6 3. Nf3 Nf6 4. Bg2 Bg7 5. O-O Nc6 6. Nc3 Bf5 7. Bg5 h6 8. Be3 Ng4 9. Bd2 Qd7 10. Nh4 Be6 11. f3 Nge5 12. f4 Ng4 13. Ne4 Bd4+ 14. Nf2 Nxf2 15. Rxf2 Bxf2+ 16. Kxf2 Nd4 17. Bxb7 Rb8 18. Be4 Rxb2 19. Rb1 Rxb1 20. Qxb1 Kf8 21. Bc3 c5 22. Bxd4 cxd4 23. Qb8+ Kg7 24. Bc6 Qxc6 0-1

[Event "Junior Online 4NCL Division 4"]
[Site "online"]
[Date "2021.03.18"]
[EventDate "2021.03.18"]
[Round "5.114"]
[White "Thorley, Luke"]
[WhiteElo "1300"]
[WhiteTeam "Maidenhead Juniors 2"]
[Black "Patel, Amya Hetal"]
[BlackElo "1167"]
[BlackTeam "Edgware Gambits E"]
[Result "1-0"]
[PlyCount "117"]

1. d4 e6 2. Bf4 d5 3. Nf3 c5 4. c3 Nc6 5. e3 Qb6 6. Qc2 Bd7 7. b3 Be7 8. c4 O-O-O 9. Bd3 Nf6 10. O-O h6 11. Nc3 g5 12. Bg3 g4 13. Nd2 h5 14. h4 cxd4 15. exd4 Qxd4 16. a4 Nb4 17. Ne2 Nxc2 18. Nxd4 Nxa1 19. Rxa1 e5 20. Bxe5 Rhg8 21. g3 Ne4 22. Nxe4 dxe4 23. Bxe4 f6 24. Bf4 f5 25. Nxf5 Bxf5 26. Bxf5+ Rd7 27. Bxd7+ Kxd7 28. Rd1+ Kc8 29. b4 Bxb4 30. Be3 Kb8 31. Rd7 Kc8 32. Rh7 a6 33. Rxh5 b5 34. axb5 axb5 35. cxb5 Rd8 36. f4 Rd1+ 37. Kf2 Be1+ 38. Ke2 Bxg3 39. Kxd1 Bh2 40. Rc5+ Kd8 41. b6 Kd7 42. Rc7+ Kd8 43. h5 g3 44. Ke2 g2 45. Kf2 g1=Q+ 46. Kf3 Qd1+ 47. Ke4 Qa4+ 48. Bd4 Qe8+ 49. Be5 Qxh5 50. Bf6+ Ke8 51. Re7+ Kd8 52. Re5+ Kc8 53. Rxh5 Kb7 54. Bd4 Kb8 55. Rh7 Ka8 56. b7+ Kb8 57. Be5+ Ka7 58. b8=Q+ Ka6 59. Ra7# 1-0